Films d'horreur (2) - Statistiques

Statistiques générales
  • Ce quiz a été pris 523 fois
  • Le résultat moyen est 7 sur 20
Statistiques - réponses
Par images Hint Réponse % Correct
... se sent que c'est toi. Ça
93%
"Dans l'espace, personne ne vous entendra crier" Alein : le huitième passager
92%
"Ce n'est pas parce que vous êtes invité que vous êtes le bienvenu." Get out
80%
"Mignons, malins, méchants, intelligents, dangereux." Gremlins
63%
"Si Nancy ne se réveille pas en hurlant, elle ne se réveillera pas du tout." Freddy : les griffes de la nuit
60%
Tombe en anglais Grave
47%
"L'homme est l'endroit le plus chaud où se cacher." The thing
47%
Forme une trilogie avec "X" et "Maxxxine" Pearl
43%
"Vous croyez connaître l'histoire. Vous pensez connaître la fin." La cabane dans les bois
40%
"Vous n'avez jamais eu l'impression d'être cerné par des zombis?" Shaun of the dead
36%
fait partie d'une trilogie. 10 Cloverfield Lane
24%
T'es dent la mer... Instinct de survie
17%
"Le plus effrayant dans les cauchemars de Jacob Singer c'est qu'il ne rêve pas." L'échelle de Jacob
16%
"La peur arrive par vague." Triangle
12%
"Un bon nazi est un nazi mort." Dead snow
11%
Un film dans le film. Ne coupez pas
10%
Premier long métrage de Peter Jackson. Bad taste
9%
Scarlett Johanson liquéfie ses victimes. Under the skin
8%
Marie a tout pris : ses bras, ses jambes, ses yeux... American Mary
7%
Film de zombis français La horde
5%
Aucun quiz correspondant
Distribution des résultats
% des personnes avec chaque résultat
Percentile par nombre de réponses
Votre historique - résultats
Vous n’avez pas pris ce quiz